[Event "Garmisch"]
[Site "Garmisch"]
[Date "1994.??.??"]
[Round "15"]
[White "Sokolov, Ivan"]
[Black "Hug, Werner"]
[Result "1/2-1/2"]
[WhiteElo "2625"]
[BlackElo "2445"]

1.Nf3 d5 2.g3 c6 3.Bg2 Bg4 4.O-O Nd7 5.d4 e6 6.Nbd2 Ngf6 7.Re1 Be7 8.e4 O-O
9.c3 a5 10.a4 Bh5 11.Qb3 Qb6 12.exd5 cxd5 13.Qxb6 Nxb6 14.Ne5 Rfd8 15.h3 Nfd7
16.Nxd7 Rxd7 17.Nf3 Nc4 18.Nd2 Nd6 19.Nf3 Rc8 20.g4 Bg6 21.Ne5 Rdc7 22.Nxg6 hxg6
23.Bf4 g5 24.Bg3 Kf8 25.Re2 Rc6 26.Bxd6 Bxd6 27.Bf1 Bf4 28.Ree1 Ke7 29.Rad1 Kd6
30.Kg2 R6c7 31.Bd3 Rh8 32.Rh1 Rh4 33.Be2 Rc6 34.Bb5 Rc8 35.Be2 Rh6 36.Bb5 Rch8
37.Be2 Ke7 38.Bd3 Bd6 39.Be2 Rf6 40.Bd3 Rf4 41.Be2 Rh6 42.Rd3 Bc7 43.Rf3  1/2-1/2

[Event "Gausdal Int"]
[Site "Gausdal"]
[Date "1994.??.??"]
[Round "1"]
[White "Gausel, Einar"]
[Black "Westerinen, Heikki MJ"]
[Result "1/2-1/2"]
[WhiteElo "2505"]
[BlackElo "2370"]

1.Nf3 d5 2.g3 Bg4 3.Bg2 Nd7 4.O-O Ngf6 5.d3 e6 6.b3 Bd6 7.Bb2 O-O 8.c4 c6
9.Na3 Qc7 10.Nc2 Rad8 11.Rc1 Qb8 12.Ne3 Bh5 13.Qd2 a6 14.b4 Rfe8 15.a4 Bg6
16.Nh4 Be5 17.Bxe5 Qxe5 18.Nxg6 hxg6 19.b5 axb5 20.d4 Qd6 21.axb5 cxb5 22.c5 Qc6
23.Nc2 Ra8 24.Nb4 Qc7 25.Qd3 Qa5 26.Rb1 Qa4 27.Qc3 Qa3 28.Rb3 Qa5 29.Rfb1 Rec8
30.Qd3 b6 31.cxb6 Nxb6 32.Nc2 Nc4 33.Rxb5 Qd2 34.R5b3 Qxd3 35.Rxd3 Ra2 36.Rc3 Rca8
37.f3 Rb2 38.Rxb2 Nxb2 39.e4 Nd1 40.Rd3 Rc8 41.Rd2 Nc3  1/2-1/2

[Event "Peer Gynt"]
[Site "Gausdal"]
[Date "1994.??.??"]
[Round "6"]
[White "Dannevig, Oystein"]
[Black "Bronstein, David I"]
[Result "1-0"]
[WhiteElo "2290"]
[BlackElo "2440"]

1.Nf3 d5 2.g3 g6 3.Bg2 Bg7 4.O-O Nc6 5.d3 Nf6 6.Nbd2 e5 7.e4 O-O 8.c3 Re8
9.Re1 a5 10.a4 h6 11.exd5 Nxd5 12.Nc4 Nb6 13.Nxb6 cxb6 14.d4 Bg4 15.d5 e4
16.dxc6 Qxd1 17.Rxd1 bxc6 18.Be3 exf3 19.h3 fxg2 20.hxg4 b5 21.Rd6 Re4 22.Rxc6 bxa4
23.Kxg2 Rb8 24.Kf3 f5 25.gxf5 gxf5 26.Ra2 Rb5 27.Bxh6 Bxh6 28.Rxh6 Kg7 29.Rh4 Rxh4
30.gxh4 Kg6 31.Rxa4 Rxb2 32.Rxa5 Rb3 33.Rc5 Ra3 34.Kf4 Ra2 35.f3 Rh2 36.Rc6+ Kh5
37.Kxf5 Rf2 38.Kf4 Ra2 39.c4 Ra8 40.c5 Rf8+ 41.Ke4  1-0

[Event "Arnold Cup"]
[Site "Gausdal"]
[Date "1994.??.??"]
[Round "7"]
[White "Gausel, Einar"]
[Black "Sadler, Matthew"]
[Result "1/2-1/2"]
[WhiteElo "2485"]
[BlackElo "2560"]

1.Nf3 d5 2.g3 c6 3.Bg2 Bg4 4.O-O Nd7 5.d3 e6 6.Nbd2 Bd6 7.c4 Ne7 8.b3 O-O
9.Bb2 a5 10.a3 b5 11.cxb5 cxb5 12.Rc1 Qb6 13.e4 Ne5 14.Qe2 N7c6 15.h3 Nxf3+
16.Nxf3 Bh5 17.exd5 exd5 18.Qd2 Ne7 19.Bd4 Qa6 20.Bc5 Bg6 21.Rfe1 Bxc5 22.Rxc5 Qb6
23.Rec1 b4 24.a4 Qf6 25.Nh4 Rfd8 26.Nxg6 hxg6 27.h4 Nf5 28.Bxd5 Nd4 29.Qd1 Ra7
30.Qg4 Rad7 31.Bc4 Nf3+ 32.Kg2 Ne5 33.Qe4 Nxd3 34.Bxd3 Rxd3 35.Rxa5 Rxb3
36.Rc6 Qb2 37.h5 Qb1 38.Qxb1 Rxb1 39.hxg6 fxg6 40.Ra7 Kh7 41.Rcc7 Rg8 42.Rab7 b3
43.Kh3 b2 44.Rc4 Ra8 45.Kg2 Ra1 46.Rxb2  1/2-1/2

[Event "Troll Masters"]
[Site "Gausdal"]
[Date "1994.??.??"]
[Round "8"]
[White "Martin, Andrew D"]
[Black "Westerinen, Heikki MJ"]
[Result "0-1"]
[WhiteElo "2435"]
[BlackElo "2355"]

1.Nf3 d5 2.g3 c6 3.Bg2 Bg4 4.c4 e6 5.cxd5 exd5 6.O-O Nd7 7.Nc3 Ngf6 8.d3 Bc5
9.Rb1 O-O 10.b4 Bb6 11.Qc2 Re8 12.Na4 Qe7 13.Nxb6 axb6 14.e3 Bxf3 15.Bxf3 b5
16.a3 Qe6 17.Bg2 h5 18.h3 Nh7 19.Qd1 Qg6 20.Bb2 Ne5 21.f4 Nxd3 22.f5 Qxg3
23.Qxd3 Ng5 24.Qd1 Nxh3+ 25.Kh1 Nf2+ 26.Rxf2 Qxf2 27.Qxh5 Qc2 28.Bd4 Qxb1+
29.Kh2 f6 30.e4 Rxe4 31.Bxf6 Qc1 32.Bxe4 Qf4+ 33.Kg1 dxe4 34.Qg6 Qc7 35.Bb2 Qf7
36.Qg3 Re8 37.Bd4 e3  0-1

[Event "Peer Gynt"]
[Site "Gausdal"]
[Date "1994.??.??"]
[Round "8"]
[White "Beshukov, Sergei"]
[Black "Sadler, Matthew"]
[Result "1/2-1/2"]
[WhiteElo "2495"]
[BlackElo "2560"]

1.Nf3 d5 2.g3 c6 3.Bg2 Nf6 4.O-O Bf5 5.b3 e6 6.Bb2 Be7 7.d3 h6 8.Nbd2 O-O
9.Re1 a5 10.e4 Bh7 11.e5 Nfd7 12.a4 Na6 13.Nf1 Nb4 14.Re2 b5 15.Ne1 Qb6 16.d4 bxa4
17.Rxa4 Qb5 18.c3 Nd3 19.Nxd3 Qxd3 20.Rd2 Qa6 21.Ba3 c5 22.b4 cxb4 23.Bxb4 Bxb4
24.cxb4 Qb5 25.Rda2 Nb6 26.Rxa5 Qxb4 27.Rxa8 Rxa8 28.Rxa8+ Nxa8 29.Ne3 Nb6
30.Bf1 Be4 31.Bg2 Bb1 32.Qc1 Nc4 33.Bf1 Nd2 34.Qc5 Qxd4 35.Qxd4 Nf3+ 36.Kg2 Nxd4
37.f4 Kf8 38.Kf2 Ke7 39.Be2 Nxe2 40.Kxe2 Kd7 41.Nf1 g5 42.Nd2 Bf5 43.Nb3 gxf4
44.gxf4 Kc6 45.Kd2 Bg6  1/2-1/2

[Event "Peer Gynt"]
[Site "Gausdal"]
[Date "1994.??.??"]
[Round "9"]
[White "Dannevig, Oystein"]
[Black "Ernst, Thomas"]
[Result "1/2-1/2"]
[WhiteElo "2290"]
[BlackElo "2485"]

1.Nf3 d5 2.g3 c5 3.Bg2 d4 4.O-O Nc6 5.d3 e5 6.e4 f6 7.c3 Be6 8.cxd4 cxd4
9.Nh4 Qd7 10.f4 O-O-O 11.a3 Kb8 12.b4 Bd6 13.f5 Bf7 14.Bd2 Ka8 15.b5 Nb8
16.a4 Ne7 17.Qc1 Nc8 18.Ba5 b6 19.Bd2 Bc5 20.Qb2 Nd6 21.Na3 Qe8 22.Rfb1 Nd7
23.Nc2 Nb7 24.Nb4 Rc8 25.Nd5 Na5 26.Nf3 Bxd5 27.exd5 Bd6 28.Bxa5 bxa5 29.Nd2 Nb6
30.Rc1 Kb8 31.Rc6 Bb4 32.Qa2 Qd7 33.Nc4 Nxd5 34.Nxe5 fxe5 35.Bxd5 Qxf5 36.Qc4 Qd7
37.b6 Rxc6 38.Bxc6 Qd8 39.b7 Rf8 40.Rf1 Rxf1+ 41.Kxf1 Bd6 42.Be4 h6 43.Kg2 Qf8
44.Qe6 Qd8 45.h4 a6 46.h5 Ka7 47.Qc8 Qc7 48.Kh3 Kb6 49.Kg4 Ka7 50.Qe8 Qb8
51.Qe6 Qc7 52.Kf5 Qe7 53.Qxe7 Bxe7 54.Kxe5 Bf6+ 55.Kd6 Kb8  1/2-1/2

[Event "Geneve op"]
[Site "Geneve"]
[Date "1994.??.??"]
[Round "5"]
[White "Cesareo, Fabio"]
[Black "Guex, Pascal"]
[Result "1-0"]
[WhiteElo "2060"]
[BlackElo "2000"]

1.Nf3 d5 2.g3 Nf6 3.Bg2 c6 4.d4 Bf5 5.O-O e6 6.b3 Bd6 7.Ba3 O-O 8.Bxd6 Qxd6
9.Nbd2 Ne4 10.Nh4 Nc3 11.Nxf5 exf5 12.Qe1 Re8 13.e3 Ne4 14.c4 Na6 15.cxd5 cxd5
16.Qe2 Rac8 17.Nxe4 fxe4 18.Bh3 Rb8 19.a3 g6 20.Rfc1 f5 21.Qb5 Rec8 22.Rxc8+ Rxc8
23.Qxb7 Rb8 24.Qxa7 Rxb3 25.Rc1 Rb8 26.Bf1 Qxa3 27.Rc6  1-0

[Event "Oberliga Wuert9394"]
[Site "Germany"]
[Date "1994.??.??"]
[Round "?"]
[White "Fochtler, Ekkehard"]
[Black "Birk, Steffen"]
[Result "1-0"]
[WhiteElo "2280"]
[BlackElo "2260"]

1.Nf3 d5 2.g3 c6 3.Bg2 Bg4 4.c4 e6 5.O-O Nd7 6.d3 Bd6 7.h3 Bh5 8.Be3 Ngf6
9.Qb3 Qb8 10.Nc3 O-O 11.Rac1 Nc5 12.Qc2 dxc4 13.dxc4 Bg6 14.Qd2 Nce4 15.Nxe4 Nxe4
16.Qa5 h6 17.Rfd1 Rd8 18.c5 Bc7 19.Qa4 Nf6 20.Qh4 Rxd1+ 21.Rxd1 Nd5 22.Bc1 Bd8
23.Qc4 Be7 24.e4 Nf6 25.Bf4 Qe8 26.Ne5 Bh7 27.f3 Rd8 28.Nd3 Nd7 29.Bd6 Bf6
30.h4 Ne5 31.Nxe5 Bxe5 32.f4 Bxd6 33.cxd6 Rd7 34.Bh3 Qd8 35.e5 Qb6+ 36.Qd4 Qa5
37.a3 Bc2 38.Rd2 Bb3 39.Bg2 Qb6 40.Be4 Kf8 41.Kg2 Qxd4 42.Rxd4 g6 43.h5 Kg7
44.hxg6 fxg6 45.Kh3 Kf7 46.Kh4 Bd5 47.g4 Bxe4 48.Rxe4 Ke8 49.Ra4 b6 50.Rc4 c5
51.Kg3 Rf7 52.b4 cxb4 53.axb4 Kd8 54.b5 Rg7 55.Rc2 Rh7 56.Rh2 Kc8 57.Rc2+ Kd8
58.f5 gxf5 59.gxf5 exf5 60.e6 Rh8 61.Kf4 h5 62.Ke5  1-0

[Event "Oberliga Wuert9394"]
[Site "Germany"]
[Date "1994.??.??"]
[Round "?"]
[White "Huettig, Michael"]
[Black "Kaiser, Dieter"]
[Result "1-0"]
[WhiteElo "2305"]
[BlackElo "2260"]

1.Nf3 d5 2.g3 c5 3.Bg2 Nc6 4.O-O e6 5.c4 Nf6 6.d4 Be7 7.cxd5 exd5 8.Nc3 O-O
9.Bg5 cxd4 10.Nxd4 h6 11.Be3 Re8 12.Qb3 Na5 13.Qc2 Bg4 14.Nf5 Bf8 15.Bd4 Ne4
16.Ne3 Nc6 17.Rad1 Nxd4 18.Rxd4 Nxc3 19.bxc3 Be6 20.Nxd5 Rc8 21.Qb3 b6 22.Rfd1 Rc5
23.c4 Qc8 24.Qd3 Ra5 25.Qd2 Ra4 26.Rc1 Qc5 27.Be4 Rxa2 28.Bc2 Bf5 29.Rf4 Rxc2
30.Rxc2 Bxc2 31.Qxc2 Qc8 32.Qb2 Bd6 33.Rh4 Qe6 34.e3 Be5 35.Qe2 Rc8 36.Re4 Qd6
37.f4 Bf6 38.Qg4 Rd8 39.Qf5 a5 40.g4 a4 41.g5 Bb2 42.Re7 Rf8 43.Rd7 Qe6 44.Ne7+ Kh8
45.Qxe6 fxe6 46.Ng6+ Kg8 47.Nxf8 Kxf8 48.gxh6 gxh6 49.Ra7 a3 50.Kf2 Ke8 51.Ke2 Kd8
52.Kd2 Kc8 53.Kc2 Kb8 54.Rh7 Bf6 55.Kb3  1-0

[Event "Oberliga Wuert9394"]
[Site "Germany"]
[Date "1994.??.??"]
[Round "?"]
[White "Fochtler, Ekkehard"]
[Black "Namyslo, Holger"]
[Result "0-1"]
[WhiteElo "2280"]
[BlackElo "2245"]

1.Nf3 d5 2.g3 Nf6 3.Bg2 e6 4.O-O Be7 5.c4 O-O 6.d4 dxc4 7.Qc2 a6 8.Qxc4 b5
9.Qc2 Bb7 10.Bf4 Bd6 11.Nbd2 Bxf4 12.gxf4 Nc6 13.e3 Qd5 14.Nb3 Qh5 15.Rfc1 Rad8
16.Qe2 Nb4 17.Nc5 Ba8 18.a3 Nc6 19.Nxa6 Na5 20.Rxc7 Nb3 21.Rd1 Ne4 22.Rc2 Rc8
23.Ne5 Qf5 24.Rxc8 Rxc8 25.Qxb5 Nxf2 26.Bxa8 Nxd1 27.Qxb3 Qb1 28.Bc6 Nxe3+
29.Kf2 Nc2 30.Nf3 Na1 31.Qb7 Qc2+ 32.Kg3 Qxc6 33.Qxc6 Rxc6 34.Nc5 Nc2 35.b4 Nxa3
36.f5 exf5 37.Kf4 Rb6 38.d5 Rxb4+ 39.Kxf5 Nc4 40.Ne4 g6+ 41.Kf6 Ne3 42.Ke5 Ng4+  0-1

[Event "Baden-Hessen"]
[Site "Germany"]
[Date "1994.??.??"]
[Round "?"]
[White "Schnitzspan, Lothar"]
[Black "Stromer, Alexander"]
[Result "1-0"]
[WhiteElo "2305"]
[BlackElo "2245"]

1.Nf3 d5 2.g3 c6 3.Bg2 Bg4 4.c4 e6 5.O-O Nd7 6.d3 Ngf6 7.h3 Bxf3 8.exf3 Be7
9.b3 O-O 10.Bb2 Qb6 11.Nc3 Rad8 12.Qe2 Rfe8 13.f4 Bf8 14.Na4 Qc7 15.Rfd1 e5
16.fxe5 Nxe5 17.Qc2 d4 18.Bc1 Qc8 19.Bg5 Qf5 20.f4 Ned7 21.Qd2 h6 22.g4 Qe6
23.Re1 Qd6 24.Bh4 Qa3 25.g5 Rxe1+ 26.Qxe1 Re8 27.Qf2 Nh5 28.Qxd4 Nc5 29.Bf2 Re2
30.Nxc5 Rxf2 31.Qxf2 Bxc5 32.d4 Bd6 33.gxh6 Bxf4 34.hxg7 Qd6 35.Bf3 Qg6+
36.Bg2 Qd6 37.Be4 Qe7 38.Re1 Qg5+ 39.Bg2 Kxg7 40.Qf3 Qf6 41.Qxh5  1-0

[Event "Bundesliga 9394"]
[Site "Germany"]
[Date "1994.??.??"]
[Round "?"]
[White "Hickl, Joerg"]
[Black "Stickler, Andreas"]
[Result "1/2-1/2"]
[WhiteElo "2535"]
[BlackElo "2245"]

1.g3 d5 2.Nf3 Nf6 3.Bg2 c6 4.b3 Bf5 5.Bb2 e6 6.d3 h6 7.Nbd2 Be7 8.a3 Bh7
9.e4 a5 10.O-O O-O 11.Qe2 c5 12.Ne5 Nc6 13.exd5 exd5 14.Rfe1 Nxe5 15.Qxe5 Re8
16.Qf4 Qd7 17.Nf3 Rad8 18.Re5 Bd6 19.Rxe8+ Rxe8 20.Qd2 Qd8 21.Re1 Rxe1+ 22.Qxe1 d4
23.Nd2 b6 24.Ne4 Be7 25.Nxf6+ Bxf6 26.Be4 Qe7 27.Bc1 Bf5 28.a4 Bg5 29.f4 Bf6
30.Kf2 Bd7 31.Qh1 Qe8 32.Bd5 Bg4 33.Qe4 Qe7 34.Qxe7 Bxe7 35.Bf3 Bd7 36.h4 f5
37.h5 Kf7 38.Kg2 g5 39.hxg6+ Kxg6 40.Bd5 Kg7 41.Kh3 h5  1/2-1/2

[Event "Bundesliga 9394"]
[Site "Germany"]
[Date "1994.??.??"]
[Round "?"]
[White "Luecke, Norbert"]
[Black "Gabriel, Christian"]
[Result "1/2-1/2"]
[WhiteElo "2410"]
[BlackElo "2530"]

1.Nf3 d5 2.g3 Nf6 3.Bg2 e6 4.O-O Be7 5.d4 O-O 6.c4 dxc4 7.Nc3 c5 8.dxc5 Qc7
9.Qa4 Qxc5 10.Nd2 Nd5 11.Qxc4 Nxc3 12.Qxc3 Nc6 13.Qxc5 Bxc5 14.Ne4 Bb6 15.b3 Rd8
16.e3 f5 17.Nc3 e5 18.Bb2 e4 19.Rfd1 Be6 20.Bh3 Kf7 21.Nb5 Kg6 22.Nd6 Bd4
23.Bxd4 Rxd6 24.Bc5 Rdd8 25.Bf1 Ne5 26.Bd6 Nd3 27.Bxd3 Rxd6 28.Bc4 Rad8  1/2-1/2

[Event "Hessen-NRW"]
[Site "Germany"]
[Date "1994.??.??"]
[Round "?"]
[White "Libeau, Rene"]
[Black "Balzar, Andreas"]
[Result "1/2-1/2"]
[WhiteElo "2445"]
[BlackElo "2330"]

1.Nf3 d5 2.g3 c6 3.Bg2 Bg4 4.O-O Nd7 5.d3 Ngf6 6.Nbd2 e5 7.h3 Bh5 8.Nh4 Bc5
9.c3 a5 10.Nf5 O-O 11.Nf3 e4 12.N3h4 exd3 13.Qxd3 Re8 14.g4 Bg6 15.Bf4 Ne4
16.Nxg6 hxg6 17.Nd4 Qf6 18.e3 Ne5 19.Qc2 g5 20.Bxe5 Qxe5 21.Rad1 Nd6 22.Nf3 Qe7
23.Nd2 Qe5 24.Nf3 Qf6 25.Rfe1 Re7 26.Nd2 Rae8 27.a3 Ba7 28.Re2 Bb8 29.Rde1 Re6
30.Qa4 Qd8 31.e4 Qc7 32.Kf1 dxe4 33.Nxe4  1/2-1/2

[Event "Bundesliga 9394"]
[Site "Germany"]
[Date "1994.??.??"]
[Round "?"]
[White "Pfleger, Helmut"]
[Black "Bagirov, Vladimir"]
[Result "1-0"]
[WhiteElo "2485"]
[BlackElo "2525"]

1.Nf3 d5 2.g3 c6 3.Bg2 Bg4 4.d4 Nd7 5.b3 e6 6.O-O Bd6 7.Bb2 f5 8.Nbd2 Nh6
9.c4 a5 10.Qc2 O-O 11.e3 Nf7 12.a3 Qf6 13.Bc3 b5 14.Bb2 Rfb8 15.a4 bxc4 16.bxc4 Bb4
17.Bc3 Qd8 18.Rfc1 Bxf3 19.Bxf3 Nd6 20.Rcb1 Nf6 21.Bxb4 axb4 22.Rb2 Ra7 23.Rab1 Qa5
24.cxd5 cxd5 25.Qc5 Qxc5 26.dxc5 Nf7 27.Rxb4 Rxb4 28.Rxb4 Ne5 29.Be2 Nfd7
30.Nb3 Nc6 31.Rb5 Rxa4 32.Nd4 Rxd4 33.exd4 Nxd4 34.c6 Nxc6 35.Rb7 Nf6 36.f4 Kf8
37.Kf2 h6 38.Ke3 Nd8 39.Ra7 Nf7 40.Kd4 g5 41.Ba6 gxf4 42.gxf4 Nh5 43.Ke3 d4+
44.Kxd4 Nxf4 45.Bc4 e5+ 46.Kc5 Ng5 47.Kd6 Ng6 48.h4 Nxh4 49.Kxe5 Ne4 50.Bd5 Ng5
51.Kf6 Ke8 52.Ra4 Nhf3 53.Rf4 Nd2 54.Kxf5 Ke7 55.Ke5 Nb1 56.Rc4 Nd2 57.Rc7+ Ke8
58.Rc3 Ke7 59.Rd3 Nf1 60.Kf4 Kf6 61.Bg2 Ne6+ 62.Kf3  1-0

[Event "BL2-N9394"]
[Site "Germany"]
[Date "1994.??.??"]
[Round "?"]
[White "Hargens, Thomas"]
[Black "Federau, Juergen"]
[Result "1-0"]
[WhiteElo "2280"]
[BlackElo "2305"]

1.Nf3 d5 2.g3 Bg4 3.Bg2 Nd7 4.h3 Bxf3 5.Bxf3 c6 6.d3 e5 7.O-O Bc5 8.c4 dxc4
9.dxc4 Ngf6 10.Nc3 O-O 11.Na4 Be7 12.Be3 Qc7 13.Qc2 Rfe8 14.Rfd1 h6 15.a3 Red8
16.Bg2 Nh7 17.h4 Nhf6 18.Bh3 b6 19.Rd2 Nf8 20.Rad1 Rxd2 21.Rxd2 Rd8 22.Nc3 Rxd2
23.Qxd2 N8d7 24.Bf5 Bc5 25.b4 Bxe3 26.Qxe3 Qd6 27.Qd3 Qxd3 28.Bxd3 g5 29.Kg2 Kf8
30.Bf5 Ke7 31.e3 Ne8 32.hxg5 hxg5 33.Ne4 Nd6 34.Nxd6 Kxd6 35.Bxd7 Kxd7 36.e4 Ke6
37.Kf3 Kf6 38.Kg4 Kg6 39.b5 cxb5 40.cxb5 f6 41.f3 Kg7 42.Kf5 Kf7 43.g4 Ke7
44.Kg6 Ke6 45.Kg7 Ke7 46.a4 Ke6 47.Kf8 Kd6 48.Kf7 Kc5 49.Kxf6 Kb4 50.Kxe5 Kxa4
51.Kd5 Kxb5 52.e5  1-0

[Event "BL2-N9394"]
[Site "Germany"]
[Date "1994.??.??"]
[Round "?"]
[White "Kapischka, Jens"]
[Black "Salzenberg, Dirk"]
[Result "1-0"]
[WhiteElo "2290"]
[BlackElo "2230"]

1.Nf3 d5 2.g3 Nf6 3.Bg2 c6 4.O-O Bf5 5.d3 e6 6.Nbd2 h6 7.Qe1 Be7 8.e4 Bh7
9.Qe2 O-O 10.Re1 a5 11.e5 Nfd7 12.h4 b5 13.Nf1 c5 14.N1h2 Nc6 15.h5 c4 16.Bf4 Nc5
17.Red1 Nb4 18.Ne1 Rc8 19.Nhf3 Na4 20.Rdb1 c3 21.b3 Nb6 22.d4 Qd7 23.a3 Na6
24.a4 Nb4 25.axb5 Ra8 26.Bf1 Be4 27.Kh2 Rfc8 28.g4 Qd8 29.Qd1 Nd7 30.Kg2 Nb6
31.Nd3 Bxf3+ 32.Kxf3 Bg5 33.Nxb4 axb4 34.Qc1 Bxf4 35.Qxf4 Ra3 36.Re1 Qe7
37.Bd3 Rf8 38.Kg2 Qg5 39.Qg3 Qe7 40.Rad1 Nd7 41.Re3 Rfa8 42.f4 Ra1 43.Rxa1 Rxa1
44.g5 Kh8 45.Qg4 hxg5 46.fxg5 Nf8 47.g6 Ra7 48.Rf3 Qe8 49.b6 Re7 50.gxf7 Rxf7
51.Bg6 Nxg6 52.hxg6 Rxf3 53.Kxf3 Kg8 54.Qh5 Qb5 55.Qh7+  1-0

[Event "BL2-N9394"]
[Site "Germany"]
[Date "1994.??.??"]
[Round "?"]
[White "Mowsziszian, Karen"]
[Black "Slobodjan, Roman"]
[Result "1-0"]
[WhiteElo "2480"]
[BlackElo "2435"]

1.Nf3 d5 2.g3 g6 3.Bg2 Bg7 4.O-O e5 5.d3 Ne7 6.c3 O-O 7.Nbd2 c5 8.e4 Nbc6
9.exd5 Nxd5 10.a4 b6 11.Nc4 Re8 12.Re1 Rb8 13.Qc2 Qd7 14.Bd2 Ba6 15.Rad1 Rbd8
16.Bc1 h6 17.Qb3 Kh7 18.h4 f5 19.h5 g5 20.Bxg5 hxg5 21.Nxg5+ Kh6 22.Nd6 Kxg5
23.Nxe8 Qxe8 24.Bxd5 Na5 25.f4+ Kf6 26.Qa2 Qxh5 27.b4 Bb7 28.fxe5+ Ke7 29.Bxb7 Nxb7
30.Qg2 Rd7 31.d4 cxd4 32.cxd4 Qg4 33.d5 Nd8 34.d6+ Kf8 35.Rd3 Qxb4 36.Qf2 Ne6
37.Rc1 Qg4  1-0

[Event "BL2-N9394"]
[Site "Germany"]
[Date "1994.??.??"]
[Round "?"]
[White "Schneider, Bhd"]
[Black "Klostermann, Markus"]
[Result "1-0"]
[WhiteElo "2270"]
[BlackElo "2300"]

1.Nf3 d5 2.g3 Nf6 3.Bg2 c6 4.O-O Bf5 5.d3 h6 6.c4 e6 7.Nc3 Nbd7 8.cxd5 cxd5
9.Bf4 Be7 10.Nb5 O-O 11.Bc7 Qc8 12.Rc1 Nc5 13.Bd6 Qd7 14.Bxc5 Bxc5 15.Rxc5 b6
16.Ne5  1-0

[Event "BL2-N9394"]
[Site "Germany"]
[Date "1994.??.??"]
[Round "?"]
[White "Thiede, Lars"]
[Black "Hracek, Zbynek"]
[Result "0-1"]
[WhiteElo "2280"]
[BlackElo "2510"]

1.g3 d5 2.Nf3 c6 3.Bg2 Bf5 4.b3 e6 5.Bb2 h6 6.O-O Nf6 7.d3 Nbd7 8.Nbd2 Bc5
9.e4 Bh7 10.e5 Ng8 11.Qe2 Ne7 12.Kh1 a5 13.Nh4 Nf8 14.f4 Nfg6 15.Ndf3 a4
16.Bh3 O-O 17.f5 Nxh4 18.Nxh4 Nxf5 19.Nxf5 Bxf5 20.Bxf5 exf5 21.Rxf5 axb3
22.axb3 Rxa1+ 23.Bxa1 Qd7 24.Rf1 Ra8 25.d4 Bb4 26.c3 Be7 27.Qf3 Qe6 28.Bb2 Ra2
29.Rf2 b5 30.Kg2 Qg6 31.b4 Bg5 32.Kh3 h5 33.Kg2 Kf8 34.Kh3 Ke7 35.Kg2 Ke6
36.Kh3 Bh6 37.Kg2 Qe4 38.Re2 Qg6 39.Rf2 h4 40.Kh3 hxg3 41.hxg3 Ke7 42.Kh2 Bg5
43.Kh3 Ra8 44.Kg2 Rh8 45.Ba3 Qe4 46.Qxe4 dxe4 47.Rf1 Bd2 48.Bb2 Ke6 49.Rb1 Kd5
50.Bc1 Bxc3 51.Be3 Kc4 52.Rf1 Kd3 53.Bg1 e3 54.Rxf7 e2 55.Bf2 e1=Q 56.Bxe1 Bxe1
57.Rxg7 Bxb4 58.Rd7 Bc3 59.d5 cxd5 60.Rxd5+ Kc4 61.Rd1 Bxe5 62.g4 b4 63.Kf3 b3
64.Ke4 Bc3  0-1

[Event "BL2-O9394"]
[Site "Germany"]
[Date "1994.??.??"]
[Round "?"]
[White "Lang, Stefan"]
[Black "Goehring, Karl Heinz"]
[Result "0-1"]
[WhiteElo "2250"]
[BlackElo "2310"]

1.Nf3 d5 2.g3 c6 3.Bg2 Nf6 4.O-O Bf5 5.d3 e6 6.Nbd2 Be7 7.Qe1 h6 8.e4 Bh7
9.Qe2 O-O 10.Re1 a5 11.Bh3 Kh8 12.Nh4 Na6 13.e5 Nd7 14.Ng2 Nb4 15.Nf3 c5
16.a3 Nc6 17.Nf4 a4 18.c4 dxc4 19.dxc4 Nd4 20.Nxd4 cxd4 21.Qh5 Qc7 22.Bxe6 fxe6
23.Nxe6 Qxc4 24.Nxf8 Rxf8 25.Bf4 Nc5 26.e6 Nxe6 27.Be5 Kg8 28.Rac1 Qd5 29.Qg4 Bf5
30.Qh5 d3 31.Rcd1 Be4  0-1

[Event "BL2-O9394"]
[Site "Germany"]
[Date "1994.??.??"]
[Round "?"]
[White "Lorenz, Gerd"]
[Black "Dietze, Wolfgang"]
[Result "0-1"]
[WhiteElo "2235"]
[BlackElo "2285"]

1.Nf3 d5 2.g3 Nf6 3.Bg2 g6 4.O-O Bg7 5.d3 O-O 6.Nbd2 Re8 7.e4 e5 8.exd5 Nxd5
9.Re1 Nc6 10.Nc4 Nb6 11.Bg5 f6 12.Nxb6 axb6 13.Bd2 Bg4 14.h3 Be6 15.a3 Bf7
16.Qe2 Qd6 17.Qf1 Rad8 18.Be3 h6 19.Rad1 f5 20.Bc1 Qc5 21.Qe2 Bd5 22.Be3 Qf8
23.c4 Bf7 24.b4 Ra8 25.Bc1 e4 26.Nh2 Nd4 27.Qd2 Rad8 28.Kh1 Nb3 29.Qc2 Nxc1
30.Qxc1 exd3 31.Rxe8 Qxe8 32.Bxb7 c6 33.b5 cxb5 34.cxb5 Qxb5 35.Kg1 Qa5 36.Qc7 Bf6
37.Nf3 Qc5 38.Qf4 Kg7 39.Rc1 Qxa3 40.Rc7 Qd6 41.Ba6 Qxf4 42.gxf4 Kf8 43.Nd2 Be7
44.Kf1 Bb4  0-1

[Event "BL2-S9394"]
[Site "Germany"]
[Date "1994.??.??"]
[Round "?"]
[White "Beikert, Guenther"]
[Black "Fahnenschmidt, Gerhard"]
[Result "1-0"]
[WhiteElo "2415"]
[BlackElo "2395"]

1.g3 d5 2.Nf3 g6 3.c4 c6 4.d4 Bg7 5.Bg2 Nf6 6.O-O O-O 7.Ne5 b6 8.Nc3 Bb7
9.Qb3 dxc4 10.Qxc4 Qc8 11.Bg5 e6 12.Bxf6 Bxf6 13.Ne4 Be7 14.Rac1 Rd8 15.Rfd1 Kg7
16.Qc3 f6 17.Nd3 Qd7 18.e3 Na6 19.g4 h6 20.h4 c5 21.dxc5 Nxc5 22.Nexc5 bxc5
23.Bxb7 Qxb7 24.Nxc5 Bxc5 25.Qxc5 Rac8 26.Rxd8 Rxc5 27.Rxc5 f5 28.Rdc8 Qb4
29.Rc4 Qe1+ 30.Kg2 fxg4 31.R8c7+ Kf6 32.Rf4+ Ke5 33.Rxa7 h5 34.b4 g3 35.Kxg3 Qg1+
36.Kf3 Qh1+ 37.Ke2 Qb1 38.a4 Qc2+ 39.Kf3 Qc6+ 40.Kg3 Qh1 41.Ra5+ Kd6 42.Rd4+ Ke7
43.Re5 Kf6 44.Rde4 g5 45.hxg5+ Kg7 46.Rh4 Qg1+ 47.Kf3 Kg6 48.a5 Qa1 49.Rxe6+ Kxg5
50.Ree4 Qf6+ 51.Rhf4 Qc6 52.Kg3 Qd5 53.Rc4 Qh1 54.Rc5+ Kg6 55.a6 Qg1+ 56.Kf3 Qh1+
57.Ke2 h4 58.a7 h3 59.Rc8 h2 60.Rh4 Qd5 61.a8=Q h1=Q 62.Rxh1 Qb5+ 63.Kd2 Qd7+
64.Ke1  1-0

[Event "BL2-S9394"]
[Site "Germany"]
[Date "1994.??.??"]
[Round "?"]
[White "Bialas, Wolfram"]
[Black "Kiefhaber, Holger"]
[Result "0-1"]
[WhiteElo "2310"]
[BlackElo "2305"]

1.Nf3 d5 2.g3 c6 3.Bg2 Bg4 4.d3 Nd7 5.Nbd2 e6 6.b3 Be7 7.Bb2 Bf6 8.c3 a5
9.a3 Ne7 10.h3 Bxf3 11.Bxf3 O-O 12.O-O b5 13.e4 Nc8 14.Qc2 Ncb6 15.a4 Qc7
16.Be2 bxa4 17.bxa4 Rfb8 18.Rfb1 Rb7 19.d4 c5 20.dxc5 Nxc5 21.Bb5 Rd8 22.exd5 Nxd5
23.Rc1 Rbb8 24.Nb3 Ne3 25.Nxc5 Nxc2 26.Na6 Qb6 27.Rxc2 Rbc8 28.Rb1 h6 29.c4 Bxb2
30.Rcxb2 Qd6 31.c5 Qe5 32.c6 Qc3 33.c7 Rxc7 34.Nxc7 Qxc7 35.Re1 Qc3 36.Rbe2 Rd2
37.Rxd2 Qxd2 38.Re3 Qc1+ 39.Kg2 Qc5 40.Rd3 Qc7 41.Rd7 Qb6 42.Rd3 g5 43.Rc3 Kg7
44.Rc6 Qd8 45.Rc3 Qd5+ 46.Kg1 Qd1+ 47.Kg2 Qd5+ 48.Kg1 f5 49.Rc7+ Kf6 50.Rd7 Qc5
51.Rh7 Kg6 52.Rh8 Qd4 53.Rc8 Qd1+ 54.Kg2 Qd5+ 55.Kg1 f4 56.Rc3 Kf6 57.gxf4 gxf4
58.Rc4 Kf5 59.Rc8 Qd1+ 60.Kg2 Qd5+ 61.Kg1 e5 62.Be2 Kg5 63.Bf1 f3 64.Rc3 Qd1
65.Rc5 Qe1 66.Rc6 e4 67.Rc5+ Kf6 68.Rc6+ Ke7 69.Rc5 Kd6 70.Rh5 e3  0-1

[Event "BL2-S9394"]
[Site "Germany"]
[Date "1994.??.??"]
[Round "?"]
[White "Bialas, Wolfram"]
[Black "Martin, Stefan"]
[Result "1-0"]
[WhiteElo "2310"]
[BlackElo "2220"]

1.Nf3 d5 2.g3 Nf6 3.Bg2 e6 4.O-O c5 5.d4 Nc6 6.c4 dxc4 7.Ne5 Bd7 8.Nxc6 Bxc6
9.Bxc6+ bxc6 10.Qa4 cxd4 11.Qxc6+ Nd7 12.Qxc4 Bc5 13.Nd2 O-O 14.Nb3 Bb6 15.a4 Rc8
16.Qa6 e5 17.Bd2 Rc2 18.Qd3 Rc6 19.a5 Bc5 20.Rfc1 Qc7 21.Rc4 Bd6 22.Rac1 Rxc4
23.Rxc4 Qb7 24.a6 Qb6 25.Ba5 Qb5 26.Rxd4 Qxd3 27.Rxd3 Nc5 28.Nxc5 Bxc5 29.b4 Bd4
30.e3 Bb2 31.b5 e4 32.Rd8 Ba3 33.Rxf8+ Bxf8 34.Bc7  1-0

[Event "Bundesliga 9394"]
[Site "Germany"]
[Date "1994.??.??"]
[Round "?"]
[White "Roos, Daniel"]
[Black "King, Daniel J"]
[Result "1/2-1/2"]
[WhiteElo "2415"]
[BlackElo "2455"]

1.Nf3 d5 2.g3 c6 3.Bg2 Bg4 4.c4 e6 5.O-O Nd7 6.cxd5 cxd5 7.d3 Ngf6 8.Nc3 Be7
9.Bf4 O-O 10.Qb3 Nc5 11.Qc2 Rc8 12.Rfc1 a6 13.h3 Bh5 14.Na4 Nxa4  1/2-1/2

[Event "Bundesliga 9394"]
[Site "Germany"]
[Date "1994.??.??"]
[Round "?"]
[White "Roos, Daniel"]
[Black "Mainka, Gregor"]
[Result "1-0"]
[WhiteElo "2425"]
[BlackElo "2385"]

1.Nf3 d5 2.g3 Nf6 3.Bg2 e6 4.O-O c5 5.c4 Be7 6.cxd5 Nxd5 7.Nc3 Nxc3 8.bxc3 Nc6
9.Rb1 O-O 10.d4 Qa5 11.Qb3 Rd8 12.Bd2 Qa6 13.e3 Na5 14.Qa3 Bf8 15.c4 b6 16.Bxa5 Bb7
17.Qd3 Qxa5 18.Ng5 g6 19.Bxb7 Rab8 20.Rb5 Qxa2 21.Bg2 cxd4 22.exd4 Rbc8 23.Rb3 Qa4
24.Rc3 Bg7 25.Ra3 Qd7 26.d5 h6 27.Ne4 exd5 28.cxd5 b5 29.Rb1 Rc4 30.Ra6 Rdc8
31.Qe3 Rd4 32.Nf6+ Bxf6 33.Rxf6  1-0

[Event "Bundesliga 9394"]
[Site "Germany"]
[Date "1994.??.??"]
[Round "?"]
[White "Schmidt, Bodo"]
[Black "Stern, Rene"]
[Result "1/2-1/2"]
[WhiteElo "2340"]
[BlackElo "2385"]

1.Nf3 d5 2.g3 Nf6 3.Bg2 e6 4.c4 Be7 5.d4 O-O 6.Qc2 a6 7.O-O dxc4 8.Qxc4 b5
9.Qc2 Bb7 10.Bg5 Nbd7 11.Bxf6 Nxf6 12.Nbd2 Rc8 13.Nb3 Be4 14.Qc1 c5 15.dxc5 Bd5
16.Rd1 Qc7 17.Nfd4 Bxc5 18.Qxc5 Qxc5 19.Nxc5 Rxc5 20.Bxd5 Nxd5 21.Rac1 Rxc1
22.Rxc1 h6 23.Rc6 Rd8 24.e3 Nb4 25.Rb6 e5 26.Nc6 Nxc6 27.Rxc6 Rd2 28.Rxa6  1/2-1/2

[Event "Bundesliga 9394"]
[Site "Germany"]
[Date "1994.??.??"]
[Round "?"]
[White "King, Daniel J"]
[Black "Norwood, David"]
[Result "1-0"]
[WhiteElo "2455"]
[BlackElo "2525"]

1.g3 d5 2.Nf3 c6 3.Bg2 Bg4 4.O-O Nd7 5.d3 e5 6.Nbd2 Ngf6 7.h3 Bh5 8.e4 Bd6
9.exd5 cxd5 10.c4 d4 11.Qe2 O-O 12.g4 Bg6 13.Nh4 Nc5 14.Nxg6 hxg6 15.b4 Ne6
16.Ne4 Nxe4 17.Bxe4 Qh4 18.Qf3 Rae8 19.c5 Bb8 20.Qg3 Qe7 21.g5 b6 22.cxb6 axb6
23.Bd2 Rc8 24.Rfc1 Rxc1+ 25.Rxc1 Qa7 26.Qg4 Qxa2 27.Qd1 Qa7 28.h4 Qd7 29.Rc6 b5
30.Qf3 Bd6 31.Rb6 Rc8 32.Bc6 Qc7 33.Ra6 Qe7 34.Bd5 Nf4 35.Bxf4 exf4 36.Kg2 Qe1
37.Rxd6 Rc1 38.Kh3 Qf1+ 39.Kg4 Qg1+ 40.Qg2 Qd1+ 41.Bf3 Qxd3 42.Rd8+ Kh7 43.Be4 Qc4
44.h5 f5+ 45.gxf6 Qe6+ 46.Kh4  1-0